000 00523nam a2200193Ia 4500
003 LK-CoDNM
005 20240202134026.0
008 010623t1930 xxu||||| |||| 00| 1 sin d
040 _aLK-CoDNM
_dLK-CoDNM
_eLK-CoDNM
041 _asin
080 _a104
_bP 2
100 _aNandarathana thero,Tihagoda
245 _aඅනාගත ලෝකය හා ශාසනය
246 _aAnaagatha Lookaya ha Shaasanaya
260 _bLankapradeepa
_aKandy
_c1930
300 _b16p., 20 cm
650 _aBuddhism
942 _cBK
999 _c95254
_d95254